A történelemtanítás világnézeti- erkölcsi-politikai követelményei az általános iskola 5-8. osztályában

Elmentve itt :
Bibliográfiai részletek
Szerző: Pacz Béláné
További közreműködők: Czúth Béláné (Témavezető)
Dokumentumtípus: Szakdolgozat
Megjelent: 1981
Tárgyszavak:
Online Access:http://diploma.bibl.u-szeged.hu/89112
LEADER 00691nta a2200169 i 4500
001 dipl89112
005 20200831074502.0
008 200829s1981 hu om 0|| zxx d
040 |a SZTE Diploma Repozitórium  |b hun 
041 |a zxx 
100 1 |a Pacz Béláné 
245 1 2 |a A történelemtanítás világnézeti- erkölcsi-politikai követelményei az általános iskola 5-8. osztályában  |h [elektronikus dokumentum] /  |c Béláné Pacz 
260 |c 1981 
650 4 |a Bölcsészettudományok 
650 4 |a Education, general (including training, pedagogy, didactics) 
700 1 |a Czúth Béláné  |e ths 
856 4 0 |u http://diploma.bibl.u-szeged.hu/id/eprint/89112/1/1981_pacz_belane.pdf  |z Dokumentum-elérés